Technical manual on small-scale processing of fruits and vegetables
Na minha lista:
| Main Authors: | , |
|---|---|
| Outros Autores: | |
| Formato: | Livro |
| Idioma: | inglês |
| Publicado em: |
Santiago
FAO
1997
|
| Edição: | 1a. ed |
| Assuntos: | |
| Tags: |
Adicionar Tag
Sem tags, seja o primeiro a adicionar uma tag!
|
MARC
| LEADER | 00000cam a2200000 a 4500 | ||
|---|---|---|---|
| 001 | UCC2002 | ||
| 003 | CL-VaPUC | ||
| 008 | 171230e19970000cl |||||||||||||||||eng|d | ||
| 082 | 0 | 4 | |a 634 |b PAL |2 21 |
| 100 | 0 | |a Paltrinieri, Gaetano |e author |9 596141 | |
| 700 | |a Figuerola Rivas, Fernando |e autor |9 596142 | ||
| 700 | 0 | |a Rojas, Loreto |e author |9 596143 | |
| 245 | 1 | 0 | |a Technical manual on small-scale processing of fruits and vegetables |
| 250 | |a 1a. ed | ||
| 300 | |a 169 p | ||
| 942 | |c BK | ||
| 945 | |d 20171230 00:11:00 |a dcastane | ||
| 260 | |a Santiago |b FAO |c 1997 | ||
| 650 | 0 | |a Fruticultura |9 259678 | |
| 583 | |a last modification |c 20171230 00:11:00 |k Rodrigo Vera | ||
| 999 | |c 370322 |d 370320 | ||
| 952 | |0 0 |1 0 |3 erb |4 0 |6 634_000000000000000_PAL_1997 |7 0 |8 A |9 486714 |a BIBALI |b BIBALI |c GEN |i 5443148 |o 634 PAL 1997 |p 5443148 |r 2025-01-20 |w 2019-11-24 |y BK |z Catalogado en:20171230 |k ALI | ||